000 00370 a2200157 4500
001 62675
020 _a8516051781
040 _cAnchieta - Pituba
100 _aLisle, Janet Taylor
240 1 0 _aO jardim das crianças encantadas
_lpor
245 1 0 _aO jardim das crianças encantadas
300 _a119
362 0 _a2006
650 4 _aLiteratura juvenil
942 _cBK
999 _c62675
_d62675